Statistics for U.S. History by Year, 1860-1879

Click here to take the quiz!

General Stats

  • This quiz has been taken 97 times
  • The average score is 16 of 20

Answer Stats

YearHintAnswer% Correct
1867The United States buys this territory from Russia at 2 cents an acreAlaska
95%
1865This actor assassinates Abraham Lincoln at Ford's TheatreJohn Wilkes Booth
95%
1879This Wizard of Menlo Park perfects the lightbulbThomas Edison
94%
1863A battle near this Pennsylvania town becomes the deadliest in U.S. historyGettysburg
92%
1860This state becomes the first to secede from the unionSouth Carolina
90%
1870The Standard Oil Company is founded by this business magnateJohn D. Rockefeller
89%
1866This terrorist organization terrorizes the South, particularly targeting freed slavesKu Klux Klan
88%
1874Levi Strauss and Jacob Davis receive a patent for this inventionBlue Jeans
85%
1871A fire in this city that kills 300 and destroys 17,500 structures is blamed on a cowChicago
85%
1872This geothermal corner of Wyoming becomes the world's first National ParkYellowstone
85%
1861The Confederates attack this fort in Charleston HarborFort {Sumter}
83%
1876This colonel is defeated by Native Americans at the Battle of Little BighornGeorge Armstrong Custer
81%
1869The golden spike in Utah marks the completion of this railroad{Transcontinental} Railroad
81%
1868This president becomes the first to be impeached by the HouseAndrew Johnson
78%
1864This general's march to the sea destroys much of GeorgiaWilliam T. Sherman
78%
1875The Page Act was the first to limit immigration from this countryChina
76%
1862This man is inaugurated as president of the ConfederacyJefferson Davis
75%
1878This teenage outlaw and gunfighter takes part in the Lincoln County WarBilly the Kid
74%
1873This outlaw and his gang pull off the first successful train robbery in the WestJesse James
58%
1877This Sioux chief and Little Bighorn combatant is killed in NebraskaCrazy Horse
55%

Score Distribution

Percentile by Number Answered

Percent of People with Each Score

Your Score History

You have not taken this quiz